[Event "10th Leiden Open A 2016"]
[Site "Leiden NED"]
[Date "2016.07.18"]
[Round "4.16"]
[White "Galehdari,B"]
[Black "Plukkel,S"]
[Result "1-0"]
[BlackTitle "FM"]
[WhiteElo "2080"]
[BlackElo "2304"]
[WhiteFideId "12505897"]
[BlackFideId "1008676"]
[EventDate "2016.07.15"]

1. e4 c5 2. Nf3 Nc6 3. Bb5 Na5 4. c3 a6 5. Ba4 b5 6. Bc2 d6 7. O-O Nf6 8. h3 Bb7
9. Qe2 e6 10. d4 Be7 11. dxc5 dxc5 12. Nbd2 Qc7 13. e5 Nd7 14. Re1 c4 15. Nf1
Rd8 16. Nd4 Nc6 17. Nxc6 Qxc6 18. Qg4 h5 19. Qxg7 Bf8 20. Qg3 h4 21. Qg4 Nc5 22.
Nd2 Nd3 23. Ne4 Be7 24. Re3 Nxe5 25. Qg7 Rh5 26. f4 Ng6 27. Rf3 Qxe4 28. Bxe4
Rd1+ 29. Rf1 Bc5+ 30. Be3 Bxe3+ 31. Kh1 Rxf1+ 32. Rxf1 Bxe4 33. Re1 Bxf4 34.
Rxe4 Rd5 35. Rd4 Rf5 36. Rd1 Bg3 37. Qg8+ Nf8 38. Qg4 Rf4 39. Qe2 Ng6 40. Rf1
Rxf1+ 41. Qxf1 Ne5 42. Qe2 Kd7 43. Qe3 Nc6 44. Qb6 Nb8 45. Qb7+ Ke8 46. a4 bxa4
47. Qc8+ Ke7 48. Qxc4 a3 49. bxa3 f5 50. Kg1 Kf6 51. Kf1 e5 52. Qc8 e4 53. c4
Be5 54. c5 Kg5 55. c6 Kf4 56. c7 Nc6 57. Qxf5+ Kxf5 58. c8=Q+ Kf4 59. Qxc6 a5
60. Qc5 1-0

[Event "10th Leiden Open A 2016"]
[Site "Leiden NED"]
[Date "2016.07.18"]
[Round "4.19"]
[White "Vistisen,L"]
[Black "Vreeburg,J"]
[Result "1-0"]
[WhiteElo "2167"]
[BlackElo "1927"]
[WhiteFideId "1404598"]
[BlackFideId "1019066"]
[EventDate "2016.07.15"]

1. e4 g6 2. d4 Bg7 3. Nc3 c5 4. Nf3 cxd4 5. Nxd4 d6 6. Be3 Nc6 7. Be2 Nf6 8. O-O
O-O 9. h3 Bd7 10. Qd2 Nxd4 11. Bxd4 Bc6 12. Bf3 a6 13. a4 Nd7 14. Bxg7 Kxg7 15.
Qd4+ f6 16. Bg4 Qb6 17. Qd2 Ne5 18. Be6 Qc5 19. b3 Rad8 20. Rad1 Bd7 21. Bxd7
Rxd7 22. Nd5 e6 23. Nf4 Kf7 24. c4 g5 25. Ne2 Rg8 26. Nd4 Ng6 27. g3 h5 28. Qe2
h4 29. Kg2 Qe5 30. Qg4 Nf4+ 31. Kh2 hxg3+ 32. fxg3 Ng6 33. Rd2 Kg7 34. Nxe6+ 1-0

[Event "10th Leiden Open A 2016"]
[Site "Leiden NED"]
[Date "2016.07.18"]
[Round "4.20"]
[White "Sahil,Tic"]
[Black "Cordes,K"]
[Result "1-0"]
[WhiteElo "2016"]
[BlackElo "2218"]
[WhiteFideId "5019710"]
[BlackFideId "4673794"]
[EventDate "2016.07.15"]

1. d4 Nf6 2. c4 g6 3. Nc3 Bg7 4. e4 d6 5. Nf3 O-O 6. Be2 e5 7. O-O Nc6 8. d5 Ne7
9. Nd2 c5 10. Rb1 Ne8 11. b4 b6 12. bxc5 bxc5 13. Nb3 f5 14. Bg5 Bf6 15. Bd2 Bd7
16. f3 a6 17. Bd3 f4 18. Ne2 Nc8 19. Na5 Bh4 20. Kh1 Ng7 21. Rb7 Rf7 22. Nc6 Qf6
23. Ba5 Qg5 24. Bd8 Qh5 25. Bxh4 Qxh4 26. Nb8 Be8 27. Rxf7 Kxf7 28. Qb3 Qe7 29.
Rb1 Qc7 30. Nc3 Ra7 31. Bc2 Ke7 32. Qb2 Kd8 33. Ba4 Bxa4 34. Nxa4 Ne7 35. Nc3
Ne8 36. Nc6+ Nxc6 37. dxc6 Ra8 38. Qb7 Qxb7 39. Rxb7 Rc8 40. Rd7# 1-0

[Event "10th Leiden Open A 2016"]
[Site "Leiden NED"]
[Date "2016.07.18"]
[Round "4.21"]
[White "Ratsma,Midas"]
[Black "Schroer,M"]
[Result "1-0"]
[WhiteElo "2171"]
[BlackElo "2033"]
[WhiteFideId "1032283"]
[BlackFideId "1012908"]
[EventDate "2016.07.15"]

1. d4 d5 2. Bf4 Nf6 3. e3 c5 4. Nc3 cxd4 5. exd4 a6 6. Nf3 Nc6 7. Be2 Bf5 8. O-O
e6 9. Re1 Be7 10. Nh4 Bg6 11. Nxg6 hxg6 12. Na4 Rc8 13. c3 Bd6 14. Bxd6 Qxd6 15.
h3 Qf4 16. Bf3 O-O 17. Nc5 Rc7 18. Qe2 Rfc8 19. a4 Na5 20. g3 Qd6 21. Kg2 Nd7
22. Rad1 Qc6 23. b4 Nxc5 24. dxc5 Nc4 25. Qxc4 dxc4 26. Bxc6 Rxc6 27. a5 Kf8 28.
Re4 Ke7 29. Rxc4 g5 30. Rg4 f6 31. h4 e5 32. hxg5 f5 33. Rh4 Rg6 34. Rd5 Rxg5
35. Rxe5+ Kf6 36. Rd5 Rc7 37. Rhd4 Ke7 38. f4 Rh5 39. Re5+ 1-0

[Event "10th Leiden Open A 2016"]
[Site "Leiden NED"]
[Date "2016.07.18"]
[Round "4.26"]
[White "Mokal,Amruta Sunil"]
[Black "Van der Pluijm,Dik"]
[Result "1-0"]
[WhiteElo "2078"]
[BlackElo "1905"]
[WhiteFideId "5016371"]
[BlackFideId "1039687"]
[EventDate "2016.07.15"]

1. e4 e6 2. d4 d5 3. e5 c5 4. c3 Nc6 5. Nf3 Nh6 6. a3 cxd4 7. cxd4 Qb6 8. b4 Nf5
9. Be3 a5 10. b5 Na7 11. a4 Bb4+ 12. Nbd2 Bc3 13. Rc1 Bxd4 14. Nxd4 Nxe3 15.
fxe3 Bd7 16. Bd3 Rc8 17. Rxc8+ Nxc8 18. O-O g6 19. N2f3 O-O 20. Ng5 Ne7 21. Qf3
Nf5 22. Bxf5 exf5 23. Qxd5 h6 24. Qxd7 hxg5 25. e6 fxe6 26. Nxe6 Qxe3+ 27. Kh1 1-0

[Event "10th Leiden Open A 2016"]
[Site "Leiden NED"]
[Date "2016.07.18"]
[Round "4.22"]
[White "Erwich,Frans"]
[Black "De Niet,GM"]
[Result "0-1"]
[WhiteElo "1945"]
[BlackElo "2165"]
[WhiteFideId "1004638"]
[BlackFideId "1006100"]
[EventDate "2016.07.15"]

1. d4 Nf6 2. c4 g6 3. f3 d5 4. cxd5 Nxd5 5. e4 Nb6 6. Nc3 Bg7 7. Be3 O-O 8. Qd2
Nc6 9. O-O-O f5 10. h4 fxe4 11. h5 gxh5 12. Rxh5 Bf5 13. Rxf5 Rxf5 14. fxe4 Rxf1
15. Rxf1 Nxd4 16. Bh6 e5 17. Bxg7 Kxg7 18. Qf2 Qe7 19. Nh3 h6 20. Kb1 Rf8 21.
Qg3+ Kh7 22. Rh1 Rg8 23. Qe3 Rxg2 24. Nf4 exf4 25. Qxd4 c5 26. Qd3 Qg5 27. e5+
Qg6 28. Ne4 c4 29. Qf3 Nd5 30. Rxh6+ Kxh6 31. Qh3+ Kg7 32. Qd7+ Kf8 33. Qxd5 Qb6
34. Nd2 c3 0-1

[Event "10th Leiden Open A 2016"]
[Site "Leiden NED"]
[Date "2016.07.19"]
[Round "5.1"]
[White "Van Wely,L"]
[Black "Postny,E"]
[Result "1/2-1/2"]
[WhiteTitle "GM"]
[BlackTitle "GM"]
[WhiteElo "2662"]
[BlackElo "2625"]
[WhiteFideId "1000268"]
[BlackFideId "2804344"]
[EventDate "2016.07.15"]

1. Nf3 d5 2. g3 c6 3. Bg2 Bg4 4. O-O Nd7 5. d3 Ngf6 6. h3 Bxf3 7. Bxf3 e6 8. Bg2
Bc5 9. a3 O-O 10. Nd2 Qc7 11. b4 Be7 12. Rb1 b5 13. Nb3 c5 14. bxc5 Nxc5 15.
Nxc5 Qxc5 16. Be3 Qc6 17. Bd4 Rac8 18. Bxa7 Qxc2 19. Rxb5 Qxd1 20. Rxd1 Bxa3 21.
Ra1 Bd6 22. e4 dxe4 23. dxe4 e5 24. Ra6 Rfd8 25. Be3 Ra8 26. Rc6 Rac8 27. Ra6
Ra8 28. Rc6 Rac8 29. Rcb6 Bc7 30. Rc6 1/2-1/2

[Event "10th Leiden Open A 2016"]
[Site "Leiden NED"]
[Date "2016.07.19"]
[Round "5.2"]
[White "Pijpers,A"]
[Black "Sandipan,C"]
[Result "1/2-1/2"]
[WhiteTitle "IM"]
[BlackTitle "GM"]
[WhiteElo "2473"]
[BlackElo "2568"]
[WhiteFideId "1019554"]
[BlackFideId "5004225"]
[EventDate "2016.07.15"]

1. e4 e5 2. Nf3 Nc6 3. Bb5 g6 4. c3 a6 5. Ba4 d6 6. d4 Bd7 7. O-O Bg7 8. Re1 Nf6
9. d5 Ne7 10. Bxd7+ Nxd7 11. Be3 Ng8 12. h3 Bh6 13. Bxh6 Nxh6 14. Qc1 Ng8 15. b4
Ngf6 16. Qh6 Ng8 17. Qe3 Ngf6 18. Qh6 Ng8 19. Qe3 Ngf6 1/2-1/2

[Event "10th Leiden Open A 2016"]
[Site "Leiden NED"]
[Date "2016.07.19"]
[Round "5.3"]
[White "Ten Hertog,H"]
[Black "Ikonnikov,Vy"]
[Result "1/2-1/2"]
[WhiteTitle "FM"]
[BlackTitle "GM"]
[WhiteElo "2458"]
[BlackElo "2538"]
[WhiteFideId "1026356"]
[BlackFideId "4100972"]
[EventDate "2016.07.15"]

1. c4 e5 2. Nc3 Nf6 3. Nf3 Nc6 4. e4 Bc5 5. h3 d6 6. d3 Nd7 7. Bg5 f6 8. Bd2 Nf8
9. Nd5 Nd4 10. Nxd4 Bxd4 11. Qh5+ Ng6 12. f4 c6 13. f5 cxd5 14. fxg6 dxe4 15.
gxh7+ Kf8 16. dxe4 Bxb2 17. Rb1 Bd4 18. Be2 b6 19. Bg4 Qc7 20. Qg6 Qf7 21. Bh5
Be6 22. h4 Rc8 23. Rf1 Ke7 24. Rb3 Bxc4 25. Ra3 a5 26. Qg4 Be6 27. Bxf7 Bxg4 28.
Bg6 Be6 29. h5 Bc5 30. Rg3 Bb4 31. Kd1 Bxd2 32. Kxd2 b5 33. Rc1 Rxc1 34. Kxc1 b4
35. a3 d5 36. axb4 axb4 37. exd5 Bxd5 38. Bf5 Kd6 39. Rxg7 e4 40. g4 b3 41. Rd7+
Ke5 42. Rc7 e3 43. Rc8 Rxc8+ 44. Bxc8 e2 45. Kd2 b2 46. Bf5 Be4 47. Bxe4 Kxe4
48. h8=Q e1=Q+ 49. Kxe1 b1=Q+ 50. Kd2 Ke5 1/2-1/2

[Event "10th Leiden Open A 2016"]
[Site "Leiden NED"]
[Date "2016.07.19"]
[Round "5.4"]
[White "Hendriks,W"]
[Black "Pavlovic,Milos"]
[Result "0-1"]
[WhiteTitle "IM"]
[BlackTitle "GM"]
[WhiteElo "2407"]
[BlackElo "2475"]
[WhiteFideId "1000713"]
[BlackFideId "900389"]
[EventDate "2016.07.15"]

1. e4 c5 2. Nf3 d6 3. Bb5+ Bd7 4. Bxd7+ Nxd7 5. O-O Ngf6 6. Nc3 e6 7. d3 Be7 8.
Ng5 O-O 9. f4 Ne8 10. Bd2 Nc7 11. Qh5 h6 12. Nf3 f5 13. Qh3 Qe8 14. Rae1 Qf7 15.
Re2 Rae8 16. g4 fxg4 17. Qxg4 Nf6 18. Qh3 Nh5 19. Ne1 d5 20. Rg2 Kh8 21. f5 dxe4
22. dxe4 Bf6 23. Rg6 Bd4+ 24. Kh1 Nf6 25. Nf3 exf5 26. exf5 Ng8 27. Nh4 Bf6 28.
Rfg1 Qd7 29. R6g2 Bxh4 30. Qxh4 Rxf5 31. Qh3 Rf7 32. Qxd7 Rxd7 33. Bf4 Nf6 34.
Bxc7 Rxc7 35. Nb5 Rd7 36. Nxa7 Ra8 37. Nb5 Rxa2 38. c3 Ra4 39. Re1 Kh7 40. Rge2
Nh5 41. Re7 Rd2 42. Rxb7 Rh4 0-1

[Event "10th Leiden Open A 2016"]
[Site "Leiden NED"]
[Date "2016.07.19"]
[Round "5.5"]
[White "Rosen,E"]
[Black "Pruijssers,R"]
[Result "0-1"]
[WhiteTitle "IM"]
[BlackTitle "GM"]
[WhiteElo "2393"]
[BlackElo "2463"]
[WhiteFideId "2032562"]
[BlackFideId "1013068"]
[EventDate "2016.07.15"]

1. e4 e5 2. Nf3 Nc6 3. c3 Nf6 4. d4 exd4 5. e5 Nd5 6. Qb3 Nb6 7. cxd4 d6 8. Bb5
Be6 9. Qc2 Qd7 10. O-O a6 11. Bxc6 Qxc6 12. Nc3 O-O-O 13. Bg5 Rd7 14. Rac1 Bg4
15. d5 Nxd5 16. Nd4 Nb4 17. Qb3 Qb6 18. e6 fxe6 19. Nxe6 Qa5 20. Bd2 Nc6 21.
Rfe1 Be7 22. h3 Bxe6 23. Qxe6 Rf8 24. Qe3 Qc5 25. Qg3 Qd4 26. Be3 Bh4 27. Bxd4
Bxg3 28. Be3 Be5 29. Re2 d5 30. Bc5 Rfd8 31. Nd1 d4 32. g3 Rd5 33. Ba3 Kd7 34.
b3 Ra5 35. Nb2 Rxa3 36. Nc4 d3 37. Rd1 Kc8 38. Rxe5 Rxa2 39. Re3 b5 40. Ne5 Nxe5
41. Rxe5 Re2 42. Re3 Rxe3 43. fxe3 c5 44. Kf2 c4 0-1

[Event "10th Leiden Open A 2016"]
[Site "Leiden NED"]
[Date "2016.07.19"]
[Round "5.6"]
[White "Slingerland,F"]
[Black "Sukandar,I"]
[Result "1-0"]
[WhiteTitle "IM"]
[BlackTitle "IM"]
[WhiteElo "2319"]
[BlackElo "2419"]
[WhiteFideId "1002473"]
[BlackFideId "7101937"]
[EventDate "2016.07.15"]

1. e4 e5 2. Nf3 Nf6 3. Nc3 Nc6 4. d4 exd4 5. Nxd4 Bb4 6. Nxc6 bxc6 7. Bd3 O-O 8.
O-O d5 9. exd5 cxd5 10. Bg5 c6 11. Qf3 Bd6 12. Rae1 Rb8 13. b3 h6 14. Bxf6 Qxf6
15. Qxf6 gxf6 16. Ne2 Re8 17. Nd4 Bd7 18. Bf5 Bxf5 19. Nxf5 Bf8 20. Nd4 Rec8 21.
Re3 Kh7 22. Rfe1 a5 23. Rf3 c5 24. Ne2 Rc6 25. Nc3 Rd8 26. Rd1 d4 27. Ne4 Re6
28. Rf4 Be7 29. g4 a4 30. Rd3 axb3 31. axb3 Rd5 32. Kg2 Bd8 33. Ng3 Bc7 34. Rf5
Rxf5 35. Nxf5 Re4 36. h3 Ba5 37. Rd1 Re2 38. Rc1 Bd2 39. Ng3 Re6 40. Ra1 Bf4 41.
Nh5 Bd6 42. Ra6 Be7 43. Ra7 Re1 44. Kf3 Kg8 45. Nf4 Bd6 46. Nd3 Rh1 47. Rd7 Bf8
48. Rd5 Be7 49. Rh5 Kg7 50. Ke2 f5 51. Rxf5 Rxh3 52. Kd2 Rh4 53. Nxc5 Rxg4 54.
Nd3 Bg5+ 55. Ke2 Re4+ 56. Kf3 Re8 57. b4 Rc8 58. Rc5 Rb8 59. Ke4 Be7 60. Rc4 Bf6
61. Nf4 Re8+ 62. Kf3 Be5 63. b5 Rb8 64. Rc5 Kf6 65. Rc6+ Kf5 66. Rc5 f6 67. Ne2
Ke6 68. Ke4 f5+ 69. Kd3 Kd6 70. Kc4 Ra8 71. Rd5+ Ke6 72. Nxd4+ Bxd4 73. Kxd4 Ra2
74. Rc5 h5 75. Kc3 h4 76. Rc4 h3 77. Rh4 Ra3+ 78. Kb4 Rf3 79. b6 Kd7 80. c4 Kc6
81. Rh6+ Kb7 82. Kc5 Rc3 83. Rh7+ Kb8 84. Kb5 Kc8 85. c5 1-0

[Event "10th Leiden Open A 2016"]
[Site "Leiden NED"]
[Date "2016.07.19"]
[Round "5.7"]
[White "Van der Marel,B"]
[Black "Beerdsen,Thomas"]
[Result "0-1"]
[BlackTitle "FM"]
[WhiteElo "2195"]
[BlackElo "2414"]
[WhiteFideId "1005855"]
[BlackFideId "1030108"]
[EventDate "2016.07.15"]

1. b3 e5 2. Bb2 Nc6 3. g3 d5 4. Bg2 Be6 5. d3 Qd7 6. Nf3 f6 7. Nbd2 O-O-O 8. a3
g5 9. h4 g4 10. Ng1 f5 11. e3 Nf6 12. Ne2 Bh6 13. d4 f4 14. dxe5 fxe3 15. fxe3
Nh5 16. Nf1 Qf7 17. Bd4 Bg7 18. Nf4 Bxe5 19. Bxe5 Nxe5 20. Qd4 Nc6 21. Qc5 Qf6
22. O-O-O Nxf4 23. exf4 Qa1+ 24. Kd2 Qb2 25. Re1 d4 26. Rxe6 d3 27. Ke3 dxc2 28.
Nd2 Rxd2 29. Rxc6 Re2+ 30. Kd3 Rd8+ 31. Bd5 bxc6 32. Qxc6 Rxd5+ 33. Qxd5 Rd2+ 0-1

[Event "10th Leiden Open A 2016"]
[Site "Leiden NED"]
[Date "2016.07.19"]
[Round "5.8"]
[White "Horvath,Cs1"]
[Black "Schmidt Schaeffer,S"]
[Result "1-0"]
[WhiteTitle "GM"]
[WhiteElo "2520"]
[BlackElo "2384"]
[WhiteFideId "700118"]
[BlackFideId "4610148"]
[EventDate "2016.07.15"]

1. Nf3 f5 2. g3 Nf6 3. Bg2 e6 4. O-O Be7 5. b3 O-O 6. Bb2 d5 7. c4 a5 8. Nc3 c6
9. e3 Nbd7 10. Ne2 Nc5 11. Nf4 Bd7 12. Rc1 b6 13. Rc2 Qe8 14. Ne5 Bd6 15. Qe2 g5
16. Nfd3 a4 17. b4 Nxd3 18. Qxd3 Bxb4 19. Rfc1 Bd6 20. cxd5 cxd5 21. Nxd7 Qxd7
22. Bxf6 Rxf6 23. Bxd5 Be7 24. Rc7 Qxd5 25. Qxd5 exd5 26. Rxe7 Rb8 27. Rcc7 h6
28. Rg7+ Kf8 29. Rh7 Kg8 30. Rcg7+ Kf8 31. Ra7 Kg8 32. Rhg7+ Kf8 33. Rgd7 b5 34.
f4 gxf4 35. gxf4 Ke8 36. Re7+ Kf8 37. Red7 Ke8 38. Rxd5 Rf7 39. Re5+ Kf8 40. Ra5
Rd8 41. d4 Rc8 42. Kf2 Rc2+ 43. Kg3 Rxa2 44. Rexb5 Kg8 45. Rxf5 Rg7+ 46. Kf3
Rgg2 47. Rfc5 Rg7 48. h4 1-0

[Event "10th Leiden Open A 2016"]
[Site "Leiden NED"]
[Date "2016.07.19"]
[Round "5.9"]
[White "Van Tellingen,F"]
[Black "Sagar,S"]
[Result "1-0"]
[BlackTitle "IM"]
[WhiteElo "2211"]
[BlackElo "2433"]
[WhiteFideId "1011421"]
[BlackFideId "5022509"]
[EventDate "2016.07.15"]

1. e4 c6 2. d4 d5 3. Nd2 dxe4 4. Nxe4 Bf5 5. Ng3 Bg6 6. h4 h6 7. Nf3 e6 8. Ne5
Bh7 9. Bd3 Bxd3 10. Qxd3 Nd7 11. f4 Be7 12. h5 Ngf6 13. Bd2 O-O 14. O-O-O c5 15.
Be3 Nd5 16. Nxd7 Qxd7 17. dxc5 Qa4 18. Kb1 Rad8 19. Bc1 Nxf4 20. Qf3 Nd5 21. Nf5
exf5 22. Rxd5 Rxd5 23. Qxd5 Qe4 24. Rd1 Rd8 25. Qxe4 fxe4 26. Rxd8+ Bxd8 27. Bf4
f5 28. b4 Kf7 29. b5 Ke6 30. c4 Be7 31. c6 bxc6 32. bxc6 Bg5 33. Bc7 e3 34. Kc2
e2 35. Bg3 Bf4 36. Bf2 Kd6 37. Kd3 a6 38. Kxe2 Be5 39. Kd3 Kxc6 40. Bd4 Bf4 41.
Bxg7 Bg5 42. Bf8 Bc1 43. Kd4 Bb2+ 44. Ke3 Bc1+ 45. Kf3 Bg5 46. g4 fxg4+ 47. Kxg4
a5 48. Kf5 a4 49. Kg6 Bc1 50. Bxh6 Bb2 51. Bg7 Bc1 52. Bd4 a3 53. h6 Bb2 54. Bg7 1-0

[Event "10th Leiden Open A 2016"]
[Site "Leiden NED"]
[Date "2016.07.19"]
[Round "5.10"]
[White "Kerkvliet,M"]
[Black "Peng Zhaoqin"]
[Result "1-0"]
[BlackTitle "GM"]
[WhiteElo "2210"]
[BlackElo "2385"]
[WhiteFideId "1025546"]
[BlackFideId "1004786"]
[EventDate "2016.07.15"]

1. d4 e6 2. Nf3 Nf6 3. c4 Bb4+ 4. Bd2 a5 5. g3 O-O 6. Bg2 d6 7. O-O Bxd2 8. Qxd2
Qe7 9. Nc3 Nbd7 10. Rfd1 h6 11. e4 e5 12. Nh4 exd4 13. Nf5 Qd8 14. Qxd4 Nc5 15.
Ne3 Bd7 16. Rd2 Re8 17. Rad1 Qc8 18. Ned5 Nxd5 19. Nxd5 Be6 20. Re1 Bxd5 21.
Qxd5 Qe6 22. b3 Qxd5 23. Rxd5 f6 24. f3 Kf7 25. Red1 Ra6 26. Rb1 Rb6 27. Bf1 Rb4
28. Bd3 c6 29. Rd4 Ne6 30. Rxd6 Ke7 31. Rxe6+ Kxe6 32. a3 Rd8 33. Bf1 Rb6 34. c5
Ra6 35. Bxa6 bxa6 36. Kf2 Rd3 37. Ke2 Rc3 38. f4 Rc2+ 39. Ke3 Rxh2 40. Rd1 Rb2
41. Rd6+ Kf7 42. Rxc6 Rxb3+ 43. Kd4 Rxg3 44. Rxa6 h5 45. Ra7+ Ke8 46. e5 fxe5+
47. fxe5 Rg1 48. Kd5 h4 49. Kd6 Rd1+ 50. Ke6 g5 51. c6 Kf8 52. c7 Rc1 53. Ra8+
Kg7 54. c8=Q Rxc8 55. Rxc8 h3 56. Kf5 1-0

[Event "10th Leiden Open A 2016"]
[Site "Leiden NED"]
[Date "2016.07.19"]
[Round "5.11"]
[White "Galehdari,B"]
[Black "Kevlishvili,Robby"]
[Result "0-1"]
[BlackTitle "FM"]
[WhiteElo "2080"]
[BlackElo "2384"]
[WhiteFideId "12505897"]
[BlackFideId "1040634"]
[EventDate "2016.07.15"]

1. e4 c5 2. Nf3 d6 3. d4 cxd4 4. Nxd4 Nf6 5. Nc3 a6 6. Be2 e5 7. Nb3 Be7 8. O-O
O-O 9. f4 b5 10. fxe5 dxe5 11. Qxd8 Rxd8 12. Bg5 Nc6 13. Bxf6 Bxf6 14. Nd5 Bg5
15. a4 Rb8 16. axb5 axb5 17. Rfd1 Be6 18. Na5 Nd4 19. Rxd4 exd4 20. Nc6 Ra8 21.
Re1 Rd6 22. Nxd4 Bxd5 23. Nxb5 Be3+ 24. Kh1 Rda6 25. exd5 Ra1 26. Bd1 Bd2 27.
Rg1 R8a2 28. d6 Rxb2 29. d7 Ba5 30. Nc3 Rb8 31. Re1 Kf8 0-1

[Event "10th Leiden Open A 2016"]
[Site "Leiden NED"]
[Date "2016.07.19"]
[Round "5.12"]
[White "Harff,M"]
[Black "Vistisen,L"]
[Result "1-0"]
[WhiteTitle "FM"]
[WhiteElo "2324"]
[BlackElo "2167"]
[WhiteFideId "24621382"]
[BlackFideId "1404598"]
[EventDate "2016.07.15"]

1. c4 e5 2. Nc3 Nf6 3. Nf3 d6 4. d4 Nbd7 5. g3 c6 6. Bg2 Qc7 7. O-O Be7 8. b3
Nf8 9. h3 Ng6 10. Bb2 Bd7 11. Qd2 Qc8 12. dxe5 dxe5 13. Qe3 Bxh3 14. Nxe5 Bxg2
15. Kxg2 Qe6 16. Nd1 Rd8 17. Nd3 Qf5 18. Qf3 Qg5 19. Rh1 Ng4 20. Nc3 f5 21. Rh3
Rxd3 22. exd3 N4e5 23. Qh5 Qd2 24. Qe2 Qxd3 25. Rd1 Qxe2 26. Nxe2 Bf6 27. Rh5
Ne7 28. Nf4 g6 29. Rhh1 Kf7 30. Bxe5 Bxe5 31. Rd7 g5 32. Re1 Bf6 33. Nh5 Re8 34.
Rxb7 Bd4 35. Rd7 Bc3 36. Re3 Bb4 37. g4 fxg4 38. Re5 Kg6 39. Ng3 Kf6 40. Re4 Rh8
41. Rxa7 h5 42. a3 Bd6 43. Re2 Bxg3 44. fxg3 Nf5 45. Rc7 Nd4 46. Re4 Rd8 47.
Ree7 c5 48. Red7 Re8 49. Rd6+ Ke5 50. Rd5+ Ke4 51. Rcxc5 Nf3 52. Kf2 Rf8 53. Rc7
Nd4+ 54. Ke1 Nf5 55. Rd2 Kf3 56. Rd3+ Kg2 57. c5 Nxg3 58. c6 Rf1+ 59. Kd2 Rf6
60. b4 h4 61. b5 Rh6 62. Re7 Nf1+ 63. Kc3 h3 64. c7 Rh8 65. Rd8 Rh4 66. c8=Q h2
67. Re2+ Kh3 68. Rd3+ Ng3 69. Qc6 1-0

[Event "10th Leiden Open A 2016"]
[Site "Leiden NED"]
[Date "2016.07.19"]
[Round "5.13"]
[White "Wiersma,E"]
[Black "De Niet,GM"]
[Result "1-0"]
[WhiteTitle "IM"]
[WhiteElo "2354"]
[BlackElo "2165"]
[WhiteFideId "1002864"]
[BlackFideId "1006100"]
[EventDate "2016.07.15"]

1. d4 Nf6 2. c4 g6 3. Nc3 d5 4. cxd5 Nxd5 5. e4 Nxc3 6. bxc3 Bg7 7. Nf3 c5 8.
Be3 Qa5 9. Nd2 cxd4 10. Nc4 Qd8 11. cxd4 O-O 12. Rc1 b5 13. Nd2 Qa5 14. Be2 e6
15. O-O Bd7 16. Nb3 Qd8 17. Nc5 Bc6 18. Bf3 b4 19. d5 exd5 20. exd5 Bb5 21. d6
Bxf1 22. Bxa8 Bb5 23. Qd5 Nd7 24. Nb7 Qxa8 25. Qxb5 Nb6 26. Rc7 Bf6 27. Qc6 Qe8
28. Qxe8 Rxe8 29. d7 Rf8 30. Bxb6 axb6 31. Rc8 Be7 32. Re8 1-0

[Event "10th Leiden Open A 2016"]
[Site "Leiden NED"]
[Date "2016.07.19"]
[Round "5.14"]
[White "Kollen,Z"]
[Black "Ratsma,Midas"]
[Result "0-1"]
[WhiteTitle "FM"]
[WhiteElo "2310"]
[BlackElo "2171"]
[WhiteFideId "1024256"]
[BlackFideId "1032283"]
[EventDate "2016.07.15"]

1. e4 e6 2. d4 d5 3. Nc3 Bb4 4. e5 c5 5. a3 Ba5 6. b4 cxd4 7. Nb5 Bc7 8. f4 Bd7
9. Nf3 Bxb5 10. Bxb5+ Nc6 11. Nxd4 Ne7 12. O-O Bb6 13. Kh1 O-O 14. Nxc6 bxc6 15.
Bd3 a5 16. bxa5 Rxa5 17. Qh5 Ng6 18. f5 exf5 19. Bd2 Ra4 20. Bg5 Qb8 21. Rab1 h6
22. Bd2 Qxe5 23. Rxf5 Qc7 24. g3 Bd4 25. Rbf1 c5 26. c3 Rxa3 27. cxd4 Rxd3 28.
Bc1 Rxd4 29. Bxh6 c4 30. Bc1 c3 31. Qe2 Qe7 32. Qxe7 Nxe7 33. R5f3 c2 34. Kg2
Rc4 35. Kf2 Nc6 36. Ke1 Nd4 37. Re3 Rb8 38. Kd2 Rb1 39. Ree1 Nb3+ 40. Kd3 Nc5+
41. Kd2 d4 42. h3 Rc3 43. Rg1 Nb3+ 0-1

[Event "10th Leiden Open A 2016"]
[Site "Leiden NED"]
[Date "2016.07.19"]
[Round "5.15"]
[White "Van Beek,Al"]
[Black "Thakoerdien,Jerrel"]
[Result "1-0"]
[WhiteTitle "IM"]
[WhiteElo "2284"]
[BlackElo "2158"]
[WhiteFideId "1007262"]
[BlackFideId "1037439"]
[EventDate "2016.07.15"]

1. e4 e5 2. Nf3 Nc6 3. Bb5 a6 4. Ba4 Nf6 5. O-O Be7 6. d3 b5 7. Bb3 d6 8. a3 O-O
9. Nc3 Na5 10. Ba2 c5 11. b4 cxb4 12. axb4 Nc6 13. Nd5 Bb7 14. Nxe7+ Nxe7 15.
Bg5 Ng6 16. Nh4 Nxh4 17. Bxh4 h6 18. f4 exf4 19. Rxf4 g5 20. Qf3 gxf4 21. Qxf4
Qb6+ 22. Bf2 Qd8 23. Bh4 Qb6+ 24. Bf2 Qd8 25. Bd4 Nh7 26. h4 d5 27. Qg3+ Ng5 28.
exd5 Re8 29. Rf1 Re2 30. Rf5 Bc8 31. Rf6 Qe7 32. hxg5 Re1+ 33. Kh2 Kf8 34. gxh6
Qe2 35. Qg7+ Ke8 36. Qxf7+ 1-0

[Event "10th Leiden Open A 2016"]
[Site "Leiden NED"]
[Date "2016.07.19"]
[Round "5.16"]
[White "Van Osch,Mees"]
[Black "Mokal,Amruta Sunil"]
[Result "1-0"]
[WhiteTitle "FM"]
[WhiteElo "2275"]
[BlackElo "2078"]
[WhiteFideId "1035967"]
[BlackFideId "5016371"]
[EventDate "2016.07.15"]

1. e4 c5 2. Nf3 e6 3. d4 cxd4 4. Nxd4 a6 5. Bd3 Nf6 6. O-O Qc7 7. Qe2 d6 8. f4
Nbd7 9. c4 g6 10. f5 gxf5 11. exf5 e5 12. Ne6 fxe6 13. fxe6 Nc5 14. Rxf6 Nxd3
15. Qh5+ Kd8 16. Rxf8+ Rxf8 17. Bg5+ Qe7 18. Bxe7+ Kxe7 19. Qxh7+ Kxe6 20. Qxd3 1-0

[Event "10th Leiden Open A 2016"]
[Site "Leiden NED"]
[Date "2016.07.19"]
[Round "5.17"]
[White "Van Briemen,W"]
[Black "Lentjes,N"]
[Result "0-1"]
[WhiteElo "2047"]
[BlackElo "2250"]
[WhiteFideId "1026445"]
[BlackFideId "1029827"]
[EventDate "2016.07.15"]

1. d4 d5 2. c4 c6 3. Nf3 Nf6 4. Nc3 dxc4 5. a4 Bf5 6. e3 e6 7. Bxc4 Bb4 8. O-O
O-O 9. Qe2 Nbd7 10. e4 Bg6 11. Bd3 Bh5 12. e5 Nd5 13. Ne4 Be7 14. Bg5 Bxf3 15.
Qxf3 Bxg5 16. Qh5 Nf4 17. Nf6+ Nxf6 18. Qxg5 Nxd3 19. exf6 Qxf6 0-1